ठंडी हवा तथा अन्य कहानियां / (Record no. 117050)

MARC details
000 -LEADER
fixed length control field 01325nam a22002897a 4500
003 - CONTROL NUMBER IDENTIFIER
control field dpl
005 - DATE AND TIME OF LATEST TRANSACTION
control field 20190218141356.0
008 - FIXED-LENGTH DATA ELEMENTS--GENERAL INFORMATION
fixed length control field 190218b ||||| |||| 00| 0 eng d
010 ## - LIBRARY OF CONGRESS CONTROL NUMBER
LC control number A-959136,A-959163
020 ## - INTERNATIONAL STANDARD BOOK NUMBER
Terms of availability 125.00
International Standard Book Number 8171350232
035 ## - SYSTEM CONTROL NUMBER
System control number A-959136,A-959163
037 ## - SOURCE OF ACQUISITION
Source of stock number/acquisition Cen Lib/Ret
040 ## - CATALOGING SOURCE
Original cataloging agency DPL
Language of cataloging HN
Transcribing agency 0
082 ## - DEWEY DECIMAL CLASSIFICATION NUMBER
Classification number
Item number खांडेक
100 ## - MAIN ENTRY--PERSONAL NAME
Personal name खांडेकर, वि.स
9 (RLIN) 69784
245 ## - TITLE STATEMENT
Title ठंडी हवा तथा अन्य कहानियां /
Statement of responsibility, etc वि.स. खांडेकर ; अनुवादक सुनील कुमार लवते
246 ## - VARYING FORM OF TITLE
Title proper/short title Dhandi hawa tatha nya kahaniyan /
Remainder of title by V.S. Khandekar ; anuvadak Suneel Kumar Lavte
260 ## - PUBLICATION, DISTRIBUTION, ETC. (IMPRINT)
Place of publication, distribution, etc नई दिल्ली
Name of publisher, distributor, etc विद्या प्रकाशन
Date of publication, distribution, etc 1998
270 ## - ADDRESS
Address 1981, दरयागंज
City नई दिल्ली
Postal code 110002
300 ## - PHYSICAL DESCRIPTION
Extent 128पृ.
Dimensions 19सेमी (सजिल्द )
650 ## - SUBJECT ADDED ENTRY--TOPICAL TERM
Topical term or geographic name as entry element मराठी साहित्य
General subdivision
Geographic subdivision
9 (RLIN) 69785
650 ## - SUBJECT ADDED ENTRY--TOPICAL TERM
Topical term or geographic name as entry element मराठी साहित्य
Form subdivision
General subdivision कहानियां
9 (RLIN) 69786
650 ## - SUBJECT ADDED ENTRY--TOPICAL TERM
Topical term or geographic name as entry element Marathi literature
9 (RLIN) 30394
650 ## - SUBJECT ADDED ENTRY--TOPICAL TERM
Topical term or geographic name as entry element Marathi literature
General subdivision stories
9 (RLIN) 69787
700 ## - ADDED ENTRY--PERSONAL NAME
Personal name लवते, सुनील कुमार
9 (RLIN) 42923
942 ## - ADDED ENTRY ELEMENTS (KOHA)
Source of classification or shelving scheme Dewey Decimal Classification
Koha item type Hindi Books
Classification part
Call number suffix खांडेक
Holdings
Withdrawn status Lost status Damaged status Not for loan Home library Current library Date acquired Source of acquisition Cost, normal purchase price Total Checkouts Full call number Barcode Date last seen Copy number Cost, replacement price Price effective from Koha item type Source of classification or shelving scheme Collection code
        Central Library Central Library 26/08/2015 Cen Lib/Ref 125.00   क खांडेक A-959136 26/08/2015 1 125.00 26/08/2015 Hindi Books    
        Shahdara Branch Shahdara Branch 18/02/2019 BPPD/PUB 125.00   क खांडेक A-959163 18/02/2019   125.00 18/02/2019 Hindi Books Dewey Decimal Classification Fiction

© Delhi Public Library
Hit Counter
free hit counter